Gold Pack 2006

Guardado en:
Detalles Bibliográficos
Autor principal: Kačeňák, Igor
Formato: Capítulo de libro
Lenguaje:eslovaco
Etiquetas: Agregar Etiqueta
Sin Etiquetas, Sea el primero en etiquetar este registro!

MARC

LEADER 00000naa$a2200000$$$4500
001 0050959
005 20240502083134.7
041 0 |a slo 
044 |a CZ 
245 1 0 |a Gold Pack 2006  |c Igor Kačeňák 
100 1 |a Kačeňák, Igor